000
00189 a2200097 4500
041
_a
spa
100
_a
Acharya Mahapragya
245
_a
Hacia la Armonia Interior
942
_c
BK
952
_7
1
999
_c
24315
_d
24315